| 000 | 01072nam a22003617a 4500 | ||
|---|---|---|---|
| 001 | 0018561 | ||
| 003 | KOHA_MİRAKIL | ||
| 005 | 20260207002214.0 | ||
| 007 | ta | ||
| 008 | 100702b1986 tu |||gr||||#||||0|tur | | ||
| 040 |
_aTR-BiSEU _btur _cTR-BiSEU _erda |
||
| 041 | 0 | _atur | |
| 044 | _ctu | ||
| 050 |
_aHM621 _b.A77 1986 |
||
| 100 | 1 | _aArslan, Mehmet. | |
| 245 | 1 |
_aKültürler savaşı/ _cMehmet Arslan ; Mehmet Arslan. |
|
| 264 | 1 |
_aİstanbul : _bAkabe Yayınları _c1986 |
|
| 300 |
_a336 s. ; _c21 cm. |
||
| 336 |
_ametin _btxt _2rdacontent |
||
| 337 |
_aaracısız _bn _2rdamedia |
||
| 338 |
_acilt _bnc _2rdacarrier |
||
| 490 | 0 | _aAkabe Yayınları: 59. | |
| 650 | 0 |
_aKültür. _99654 |
|
| 650 | 0 |
_aTürkiye--Entelektüel yaşam. _917671 |
|
| 650 | 0 |
_aKültür politikası. _942558 |
|
| 650 | 0 |
_aİslam edebiyatı. _942559 |
|
| 650 | 0 |
_aCulture. _99657 |
|
| 650 | 0 |
_aTurkey--Intellectual life. _97401 |
|
| 650 | 0 |
_aCultural policy. _942560 |
|
| 650 | 0 |
_aIslamic literature. _942561 |
|
| 830 | 0 |
_aAkabe Yayınları: 59. _942562 |
|
| 942 |
_2lcc _cBK |
||
| 999 |
_c18518 _d18518 |
||